La responsabilidad tributaria en el ordenamiento jurd̕ico espaǫl

Bibliographic Details
Main Author: Gonzl̀ez Ortiz, Diego
Format: Unknown
Language:English
Published: Madrid : Dykinson, 2003
Subjects:
Online Access:Acceso restringido

MARC

LEADER 00000ny a22000003n 4500
005 20110621112745.0
006 m u
007 cr cn|||||||||
008 070219s2003 sp 000 0 eng d
020 |a 9788481559460 
035 |a 153 
040 |a FlNmELB  |c FlNmELB  |d vlex 
080 |a 336.221 
090 |c 1310  |d 1310 
100 1 |a Gonzl̀ez Ortiz, Diego 
245 1 3 |a La responsabilidad tributaria en el ordenamiento jurd̕ico espaǫl  |h [Recurso electrn̤ico]  |c Diego Gonzl̀ez Ortiz 
256 |a Servicio en ln̕ea 
260 |a Madrid :  |b Dykinson,  |c 2003 
300 |a [9]-239 p. ;  |c cm 
506 1 |a Contenido solo disponible en los productos indicados  |d vLex Global  |d vLex Global (Academic Edition, excluding Law Schools)  |d vLex Global (U.S. Academic Edition, Law Schools)  |d vLex Global (U.S. Academic Edition, excluding Law Schools)  |d vLex Global (Academic Edition, Law Schools) 
650 0 7 |a Tributario  |2 Tesauro vLex 
650 0 7 |a Derecho tributario  |2 Tesauro vLex 
740 0 |a vLex Libros (Servicios en ln̕ea) 
856 4 0 |u http://vlex.com/source/153  |z Acceso restringido 
942 |c BOOK